| 000 | 00714nam a2200205 a 4500 | ||
|---|---|---|---|
| 001 | 000014926 | ||
| 005 | 20240412074242.0 | ||
| 008 | 100127s2007 dr 001 0 spa d | ||
| 040 |
_aDO-SdBNP _bspa _cBNPHU |
||
| 082 |
_aRD861.44 _bM385po |
||
| 100 | 1 |
_aMartínez Peña, Ramón Francisco. _933217 |
|
| 245 | 1 | 0 |
_aPoemas a mi primer nieto / _cRamón Fco. Martínez Peña ; prólogo Bruno Rosario Candelier. |
| 260 |
_aSanto Domingo : _bCentenario, _c2007. |
||
| 300 |
_a124 cm. ; _c22 cm. |
||
| 590 | _aInventariado, 2018/LP | ||
| 650 | 0 |
_aPoesía dominicana _966 |
|
| 650 | 0 |
_aLiteratura dominicana. _967 |
|
| 700 | 1 |
_aRosario Candelier, Bruno, _d1941- _epról. _9851 |
|
| 910 | _aValidado. Control de calidad BNPHU | ||
| 999 |
_c14506 _d14506 |
||